Análisis de productividad en la Oficina de Informacion Telefónica
Gespeichert in:
| 1. Verfasser: | |
|---|---|
| Format: | Buch |
| Veröffentlicht: |
San José, Costa Rica
1987
|
| Schlagworte: | |
| Tags: |
Tag hinzufügen
Keine Tags, Fügen Sie den ersten Tag hinzu!
|
MARC
| LEADER | 00000nam a2200000Ia 4500 | ||
|---|---|---|---|
| 003 | 007224 | ||
| 005 | 20221231144309.0 | ||
| 008 | 140114s1987 cr a m 000 ||s d | ||
| 040 | |c cru CEDI | ||
| 090 | |a TFG 2966 | ||
| 100 | |a Bonilla Lorenzo, Jorge Eduardo |9 11709 | ||
| 245 | |a Análisis de productividad en la Oficina de Informacion Telefónica | ||
| 260 | |c 1987 |a San José, Costa Rica | ||
| 300 | |a xi, [134] : ilustraciones ; 27 cm | ||
| 500 | |a Tesis (licenciatura en ingenieria industrial)--Universidad de Costa Rica. Facultad de Ingeniería. Escuela de Ingeniería Industrial | ||
| 650 | |x INSTITUTO COSTARRICENSE DE ELECTRICIDAD.. OFICINA DE INFORMACION TELEFONICA |9 11711 | ||
| 942 | |c TFG | ||
| 999 | |c 19768 |d 19768 | ||
